Normal view
MARC view
- Dr. Mehreen Afzal
Entry Personal Name
001 - CONTROL NUMBER
- control field: 21569
003 - CONTROL NUMBER IDENTIFIER
- control field: NUST
005 - DATE AND TIME OF LATEST TRANSACTION
- control field: 20190926122405.0
008 - FIXED-LENGTH DATA ELEMENTS
- fixed length control field: 190926|| aca||aabn | a|a d
040 ## - CATALOGING SOURCE
- Original cataloging agency: NUST
- Transcribing agency: NUST
100 ## - HEADING--PERSONAL NAME
- Personal name: Dr. Mehreen Afzal
670 ## - SOURCE DATA FOUND
- Source citation: Work cat.: (NUST): Owais ul Haq, Muhammad 21568, Cube testers on hash functions /, 2014.
